00638cam a22001698i 45000010009000000050017000090080041000260200026000670400013000930820027001062450157001332600033002903000012003234900074003356500039004097000020004481985262220180717095949.0170728s2017 nju be 001 0 eng  a9781118901762 (cloth) cPK-LaUMT00aR 302.207203223bINT-04aThe international encyclopedia of communication research methods /cedited by Jörg Matthes; associate editors, Christine S. Davis and Robert F. Potter aHoboken :bJohn Wiley,c2017 a3 vols.0 aThe Wiley Blackwell-ICA international encyclopedias of communication 0aCommunicationxResearchxMethology1 aMatthes, Jörg